Największe miasta Grupy Wyszehradzkiej - Statystyki

Ogólne statystyki
  • Ten quiz został rozwiązany 23 razy
  • Średni wynik to 21 z 25
Statystyki odpowiedzi
Hint Odpowiedź % Poprawnych
478 040 Bratysława
100%
1 706 851 Budapeszt
100%
486 000 Gdańsk
100%
801 000 Kraków
100%
1 397 880 Praga
100%
1 862 402 Warszawa
100%
402 739 Brno
91%
396 000 Szczecin
91%
673 000 Wrocław
91%
292 600 Białystok
87%
280 190 Katowice
87%
671 000 Łódź
87%
547 000 Poznań
87%
337 000 Bydgoszcz
83%
339 000 Lublin
83%
197 181 Rzeszów
78%
225 044 Koszyce
74%
283 187 Ostrawa
74%
197 848 Radom
74%
242 874 Gdynia
70%
189 178 Sosnowiec
70%
195 690 Toruń
65%
207 270 Debreczyn
61%
208 282 Częstochowa
57%
187 928 Pilzno
57%
Nie znaleziono quizów pasujących do podanych kryteriów
Rozkład punktacji
Procent ludzi z każdym wynikiem
Percentyl według liczby udzielonych odpowiedzi
Twoja historia wyników
Nie rozwiązałeś tego quizu